书目信息 |
| 题名: |
抱朴子内篇校释
|
|
| 作者: | 葛洪, 撰 ;王明 校释 | |
| 分册: | ||
| 出版信息: | 北京 中华书局 2021.06 |
|
| 页数: | 15, 389页 | |
| 开本: | 21cm | |
| 丛书名: | 中华国学文库 | |
| 单 册: | ||
| 中图分类: | B235.72 | |
| 科图分类: | ||
| 主题词: | 古典哲学--gu dian zhe xue--中国--东晋时代 | |
| 电子资源: | ||
| ISBN: | 978-7-101-15209-8 | |
| 000 | 01041nam 2200277 450 | |
| 001 | CAL 0120217201407 | |
| 005 | 20230217093112.0 | |
| 010 | @a978-7-101-15209-8@b精装@dCNY39.00 | |
| 100 | @a20210630d2021 em y0chiy0120 ea | |
| 101 | 0 | @achi |
| 102 | @aCN@b110000 | |
| 105 | @ay z 000yy | |
| 106 | @ar | |
| 200 | 1 | @a抱朴子内篇校释@Abao pu zi nei pian xiao shi@f(东晋) 葛洪撰@g王明校释 |
| 210 | @a北京@c中华书局@d2021.06 | |
| 215 | @a15, 389页@d21cm | |
| 225 | 2 | @a中华国学文库@Azhong hua guo xue wen ku |
| 330 | @a本书二十卷, 是对炼丹养生方术所作的系统的总结, 站在宇宙观、本体论的高度论证了神仙长生的思想, 建立了一套较为系统的道教哲学, 大体从外修与内养两个方面介绍了各种长生之道, 内养主要是行气保精, 外修主要是服用丹药。 | |
| 410 | 0 | @12001 @a中华国学文库 |
| 605 | @a抱朴子@Abao pu zi@x注释 | |
| 606 | 0 | @a古典哲学@Agu dian zhe xue@y中国@z东晋时代 |
| 690 | @aB235.72@v5 | |
| 701 | 0 | @a葛洪,@Age hong@f283-363@4撰 |
| 702 | 0 | @a王明@Awang ming@4校释 |
| 801 | 0 | @aCN@bBJXHZP@c20230228 |
| 905 | @b1401987-90@dB235.72@e24@f4 | |
| 抱朴子内篇校释/(东晋) 葛洪撰/王明校释.-北京:中华书局,2021.06 |
| 15, 389页;21cm.-(中华国学文库) |
| ISBN 978-7-101-15209-8(精装):CNY39.00 |
| 本书二十卷, 是对炼丹养生方术所作的系统的总结, 站在宇宙观、本体论的高度论证了神仙长生的思想, 建立了一套较为系统的道教哲学, 大体从外修与内养两个方面介绍了各种长生之道, 内养主要是行气保精, 外修主要是服用丹药。 |
| ● |
| 相关链接 |
|
|
|
|
正题名:抱朴子内篇校释
索取号:B235.72/24
 
预约/预借
| 序号 | 登录号 | 条形码 | 馆藏地/架位号 | 状态 | 备注 |
| 1 | 1401987 | 214019872 | 第一样本阅览室/ [索取号:B235.72/24] | 在馆 | |
| 2 | 1401988 | 214019881 | 第一借阅区/ [索取号:B235.72/24] | 在馆 | |
| 3 | 1401989 | 214019890 | 第一借阅区/ [索取号:B235.72/24] | 在馆 | |
| 4 | 1401990 | 214019907 | 第一借阅区/ [索取号:B235.72/24] | 在馆 |